[Event "DEM U16w 2014"]
[Site "Magdeburg GER"]
[Date "2014.06.14"]
[Round "9"]
[White "Rosmait, Emily"]
[Black "Nobis, Anna"]
[Result "1/2-1/2"]
[Termination "normal"]
[Board "9"]
[WhiteElo "1771"]
[BlackElo "1797"]
[PlyCount "58"]
[WhiteFideId "12937754"]
[BlackFideId "1270302"]
[EventCountry "GER"]
[EventRounds "9"]
[EventType "swiss"]
[EventDate "2014.06.07"]

1. e4 c5 2. Nf3 Nc6 3. Bb5 d6 4. Bxc6+ bxc6 5. h3 e5 6. O-O Be7 7. d3 g5 8. Nh2
h5 9. Be3 g4 10. hxg4 hxg4 11. Nxg4 Bg5 12. f4 Bxf4 13. Bxf4 exf4 14. Qf3 Qh4
15. Qxf4 Qxg4 16. Qxf7+ Kd8 17. Qf8+ Kc7 18. Rf7+ Kb6 19. Qd8+ Ka6 20. Qxd6
Qd1+ 21. Rf1 Rh1+ 22. Kxh1 Qxf1+ 23. Kh2 Bb7 24. Qxc5 Rf8 25. b4 Qf4+ 26. Kg1
Qc1+ 27. Kh2 Qh6+ 28. Kg1 Qc1+ 29. Kh2 Qh6+ 1/2-1/2

[Event "DEM U16w 2014"]
[Site "Magdeburg GER"]
[Date "2014.06.14"]
[Round "9"]
[White "Böhm, Jana"]
[Black "Gatzke, Carolin"]
[Result "1-0"]
[Termination "normal"]
[Board "10"]
[WhiteElo "1773"]
[BlackElo "1726"]
[PlyCount "97"]
[WhiteFideId "24661589"]
[BlackFideId "12943746"]
[EventCountry "GER"]
[EventRounds "9"]
[EventType "swiss"]
[EventDate "2014.06.07"]

1. e4 c5 2. Nf3 e6 3. c3 d5 4. exd5 Qxd5 5. d4 Nf6 6. Be3 cxd4 7. cxd4 Nc6 8.
Nc3 Bb4 9. a3 Bxc3+ 10. bxc3 O-O 11. Bd3 b6 12. O-O Bb7 13. c4 Qh5 14. h3 Rac8
15. Be2 Qg6 16. Rc1 Rfd8 17. Bd3 Qh5 18. Qe2 Ne7 19. Ne5 Qxe2 20. Bxe2 Nf5 21.
Rfd1 Ne4 22. Bf3 Ned6 23. d5 f6 24. Ng4 exd5 25. cxd5 Ne7 26. Rxc8 Ndxc8 27.
Bf4 Nd6 28. Ne3 Nef5 29. Rc1 Rc8 30. Rxc8+ Bxc8 31. g4 Nxe3 32. fxe3 Nc4 33. d6
Ne5 34. Bxe5 fxe5 35. Bc6 Kf8 36. d7 Bxd7 37. Bxd7 Ke7 38. Bb5 Kd6 39. Kf2 Kc5
40. a4 Kb4 41. Kf3 a6 42. Bd7 b5 43. axb5 axb5 44. Ke4 Kc4 45. Kxe5 b4 46. e4
Kc3 47. Be6 b3 48. Bxb3 Kxb3 49. Kd5 1-0

[Event "DEM U16w 2014"]
[Site "Magdeburg GER"]
[Date "2014.06.14"]
[Round "9"]
[White "Titgemeyer, Eva Maria"]
[Black "Morio, Estelle"]
[Result "1/2-1/2"]
[Termination "normal"]
[Board "11"]
[WhiteElo "1496"]
[BlackElo "1513"]
[PlyCount "82"]
[WhiteFideId "24655350"]
[BlackFideId "12951951"]
[EventCountry "GER"]
[EventRounds "9"]
[EventType "swiss"]
[EventDate "2014.06.07"]

1. e4 d6 2. d4 Nf6 3. Nc3 Nbd7 4. f4 e5 5. Nf3 Be7 6. h3 exf4 7. Bxf4 O-O 8.
Bd3 Nh5 9. Bh2 Bh4+ 10. Kd2 Qf6 11. Nd5 Qh6+ 12. Ne3 Ng3 13. Nxh4 Qxh4 14. Bxg3
Qxg3 15. Qf3 Qg5 16. Raf1 Qf6 17. Nf5 c5 18. c3 Nb6 19. Qh5 Bxf5 20. Rxf5 Qg6
21. g4 Qxh5 22. gxh5 h6 23. dxc5 dxc5 24. Rxc5 Rac8 25. Rf5 Rfd8 26. Kc2 Na4
27. Rd5 Nc5 28. b4 Na4 29. c4 Nb6 30. Rxd8+ Rxd8 31. c5 Nd7 32. Bc4 Ne5 33. Bd5
Rd7 34. Rf1 Kf8 35. b5 Rc7 36. Rf5 Rxc5+ 37. Kd2 f6 38. a4 b6 39. Rf1 Ke7 40.
Rf5 Kd6 41. Rf2 Rc7 1/2-1/2

[Event "DEM U16w 2014"]
[Site "Magdeburg GER"]
[Date "2014.06.14"]
[Round "9"]
[White "Hartmann, Jasmin"]
[Black "Lemke, Berfîn"]
[Result "0-1"]
[Termination "normal"]
[Board "12"]
[WhiteElo "1329"]
[BlackElo "1613"]
[PlyCount "58"]
[WhiteFideId "12988898"]
[BlackFideId "1270578"]
[EventCountry "GER"]
[EventRounds "9"]
[EventType "swiss"]
[EventDate "2014.06.07"]

1. e4 c6 2. f4 d5 3. Nc3 dxe4 4. d3 exd3 5. Bxd3 Nf6 6. Nf3 Bg4 7. O-O Nbd7 8.
Be3 e6 9. Qd2 Bc5 10. Rae1 O-O 11. Qf2 Bxf3 12. Qxf3 Bxe3+ 13. Rxe3 Qb6 14. b3
Ng4 15. Qxg4 Qxe3+ 16. Kh1 Nf6 17. Qh4 Rad8 18. Re1 Qc5 19. Ne4 Nxe4 20. Rxe4
g6 21. h3 Rd4 22. Rxd4 Qxd4 23. Qh6 Qe3 24. g4 e5 25. h4 Qh3+ 26. Kg1 Qxg4+ 27.
Kh1 exf4 28. Bf1 Re8 29. Bg2 f3 0-1

[Event "DEM U16w 2014"]
[Site "Magdeburg GER"]
[Date "2014.06.14"]
[Round "9"]
[White "Merker, Vivien"]
[Black "Winterberg, Johanna"]
[Result "1/2-1/2"]
[Termination "normal"]
[Board "14"]
[WhiteElo "1221"]
[BlackElo "1369"]
[PlyCount "101"]
[WhiteFideId "12927260"]
[BlackFideId "12929344"]
[EventCountry "GER"]
[EventRounds "9"]
[EventType "swiss"]
[EventDate "2014.06.07"]

1. e4 c5 2. Nf3 Nc6 3. d4 cxd4 4. Nxd4 g6 5. Nc3 Bg7 6. Be3 d6 7. Qd2 Nf6 8. f3
O-O 9. Bc4 Qc7 10. Bb3 Na5 11. O-O Nxb3 12. Nxb3 a6 13. a4 b6 14. Bh6 Be6 15.
Bxg7 Kxg7 16. Nd4 Qc5 17. Kh1 Bd7 18. Rad1 b5 19. axb5 axb5 20. Nb3 Qb6 21. Ra1
Rfc8 22. Qd4 Qxd4 23. Nxd4 Rxa1 24. Rxa1 b4 25. Nd5 e5 26. Nb6 Rc7 27. Nxd7
Nxd7 28. Nb5 Rxc2 29. Rb1 Rc6 30. Rd1 Rc2 31. Rb1 Nc5 32. Nxd6 Nd3 33. b3 Kf6
34. Kg1 Ke6 35. Nc4 f5 36. exf5+ gxf5 37. Ne3 Rc1+ 38. Rxc1 Nxc1 39. Nc2 Nd3
40. Kf1 Kd5 41. g3 e4 42. fxe4+ fxe4 43. Ke2 Nc1+ 44. Ke3 Nxb3 45. Nxb4+ Ke5
46. Nc6+ Kd5 47. Ne7+ Ke6 48. Ng8 Ke5 49. Nh6 Nc5 50. Ng4+ Kf5 51. h3 1/2-1/2